000 00603nam a2200205Ia 4500
003 GCL
008 140319s9999 xx 000 0 ara d
040 _aGCL /
_cGCL
082 0 4 _a953.075
_bص ح
100 1 _aصالح احمد العلى
245 1 0 _aالحجاز فى صدر الاسلام /
_cصالح احمد العلى
260 _a[S.N] :
_bمؤسسة الرسالة ،
_c1990
300 _a6960 ص
490 _a
650 0 4 _aتاريخ
650 0 4 _aالاسلام
650 0 4 _aشبه الجزيرة العربية
650 0 4 _aالتاريخ الاسلامى
942 _2ddc
_cBK
999 _c41175
_d41175